[Event "SVK-ch Open 2018"]
[Site "Banska Stiavnica"]
[Date "2018.07.10"]
[Round "4"]
[White "Budinsky, Martin"]
[Black "Kanakova, Natalie"]
[Result "0-1"]
[WhiteElo "1985"]
[BlackElo "2206"]
[Annotator "NA"]
[PlyCount "66"]
[EventDate "2018.07.07"]
[EventType "swiss"]
[EventCountry "SVK"]
[SourceTitle "playchess.com"]
[Source "ChessBase"]
[SourceQuality "1"]
[TimeControl "40/5400+30:1800+30"]

1. e4 {[%emt 0:00:00]} c5 {[%emt 0:00:00]} 2. Nc3 {[%emt 0:00:00]} Nc6 {[%emt 0:00:00]} 3. g3 {[%emt 0:00:13]} g6 {[%emt 0:00:09]} 4. Bg2 {[%emt 0:00:06]} Bg7 {[%emt 0:00:05]} 5. d3 {[%emt 0:00:28]} d6 {[%emt 0:00:16]} 6. Be3 {[%emt 0:00:11]} e5 {[%emt 0:00:48]} 7. Qd2 {[%emt 0:01:47]} Nd4 {[%emt 0:00:45]} 8. Nd5 $11 {[%emt 0:04:50] LiveBook: 14 Games} Be6 {[%emt 0:07:06]} 9. c3 {[%emt 0:08:44]} Bxd5 {[%emt 0:01:51]} 10. cxd4 {[%emt 0:01:10]} exd4 {[%emt 0:06:11]} 11. exd5 {[%emt 0:02:11]} dxe3 {[%emt 0:00:07]} 12. fxe3 {[%emt 0:00:26]} Nf6 {[%emt 0:06:22]} 13. Ne2 {[%emt 0:04:26]} O-O {[%emt 0:02:38]} 14. O-O {[%emt 0:01:19]} Ng4 {[%emt 0:00:46]} 15. h3 {[%emt 0:07:18]} Ne5 {[%emt 0:02:07]} 16. Nf4 {[%emt 0:14:27]} Qg5 {[%emt 0:03:54]} 17. Kh2 {[%emt 0:01:25]} Rae8 {[%emt 0:03:48]} 18. Rae1 {[%emt 0:04:46]} Qh6 {[%emt 0:03:57]} 19. Qe2 {[%emt 0:03:00]} Re7 {[%emt 0:08:12]} 20. a3 {[%emt 0:10:17]} Rc8 {[%emt 0:04:07]} 21. Qd1 {[%emt 0:04:42]} Rec7 {[%emt 0:02:50]} 22. d4 {[%emt 0:06:29]} Nd7 {[%emt 0:04:31]} 23. Re2 {[%emt 0:03:35]} Qg5 {[%emt 0:03:01]} 24. dxc5 {[%emt 0:01:48]} Rxc5 {[%emt 0:03:10]} 25. Nd3 {[%emt 0:01:28]} R5c7 {[%emt 0:00:56]} 26. e4 {[%emt 0:03:39]} Ne5 {[%emt 0:01:50]} 27. Nxe5 {[%emt 0:00:26]} Bxe5 {[%emt 0:00:13]} 28. Qd3 {[%emt 0:00:47]} h5 {[%emt 0:02:12]} 29. Kh1 {[%emt 0:04:57]} Bxg3 {[%emt 0:03:36]} 30. Re3 {[%emt 0:02:19]} Be5 {[%emt 0:02:32]} 31. Re2 {[%emt 0:01:03]} Rc1 {[%emt 0:02:13]} 32. Ref2 {[%emt 0:01:21]} f6 {[%emt 0:02:02]} 33. Qb5 {[%emt 0:02:09]} Qg3 {[%emt 0:01:08]} 0-1

[Event "SVK-ch Open 2018"]
[Site "Banska Stiavnica"]
[Date "2018.07.10"]
[Round "4"]
[White "Sandor, Martin"]
[Black "Bombek, Peter"]
[Result "0-1"]
[WhiteElo "1968"]
[BlackElo "2201"]
[Annotator "NA"]
[PlyCount "144"]
[EventDate "2018.07.07"]
[EventType "swiss"]
[EventCountry "SVK"]
[SourceTitle "playchess.com"]
[Source "ChessBase"]
[SourceQuality "1"]
[TimeControl "40/5400+30:1800+30"]

1. e4 {[%emt 0:00:00]} e6 {[%emt 0:00:00]} 2. d4 {[%emt 0:00:00]} d5 {[%emt 0:00:00]} 3. Nc3 {[%emt 0:00:00]} Nf6 {[%emt 0:00:10]} 4. e5 {[%emt 0:00:00]} Nfd7 $1 {[%emt 0:00:06] LiveBook: 8299 Games} 5. f4 {[%emt 0:00:11]} c5 {[%emt 0:00:12]} 6. Nf3 {[%emt 0:00:12]} Nc6 {[%emt 0:00:09]} 7. Be3 {[%emt 0:00:36]} Be7 {[%emt 0:00:17]} 8. Qd2 {[%emt 0:03:25]} O-O {[%emt 0:01:12]} 9. O-O-O {[%emt 0:10:29]} c4 {[%emt 0:01:21]} 10. g4 $17 {[%emt 0:00:41]} b5 {[%emt 0:00:34]} 11. Nxb5 {[%emt 0:19:06]} Rb8 {[%emt 0:04:07]} 12. Nd6 {[%emt 0:02:34]} Nb6 {[%emt 0:01:35]} 13. b3 {[%emt 0:05:20]} Bxd6 {[%emt 0:04:56]} 14. exd6 {[%emt 0:01:15]} Qxd6 {[%emt 0:01:40]} 15. c3 {[%emt 0:04:06]} cxb3 {[%emt 0:12:23]} 16. axb3 {[%emt 0:04:13]} Bd7 {[%emt 0:05:22]} 17. Bb5 {[%emt 0:01:33]} Na5 {[%emt 0:03:18]} 18. Qa2 {[%emt 0:06:20]} Bxb5 {[%emt 0:07:14]} 19. Qxa5 {[%emt 0:00:07]} Be2 {[%emt 0:01:26]} 20. Ne5 {[%emt 0:00:10]} Bxd1 {[%emt 0:00:57]} 21. Rxd1 {[%emt 0:00:54]} Nd7 {[%emt 0:04:25]} 22. Nxd7 {[%emt 0:01:51]} Qxd7 {[%emt 0:00:07]} 23. Kc2 {[%emt 0:00:50]} Rfc8 {[%emt 0:10:53]} 24. Ra1 {[%emt 0:07:15]} Rb7 {[%emt 0:02:18]} 25. Qa6 {[%emt 0:07:21]} Rbc7 {[%emt 0:03:30]} 26. Bd2 {[%emt 0:00:53]} Qe7 {[%emt 0:01:59]} 27. Qd3 {[%emt 0:02:57]} Qh4 {[%emt 0:01:56]} 28. Qg3 {[%emt 0:00:18]} Qxg3 {[%emt 0:01:42]} 29. hxg3 {[%emt 0:01:12]} h6 {[%emt 0:01:12]} 30. Ra6 {[%emt 0:02:10]} Rb8 {[%emt 0:02:01]} 31. Bc1 {[%emt 0:01:55]} Rb6 {[%emt 0:02:30]} 32. Ra1 {[%emt 0:01:30]} Rcb7 {[%emt 0:03:49]} 33. b4 {[%emt 0:02:24]} Kh7 {[%emt 0:03:56]} 34. Kd3 {[%emt 0:00:22]} Kg6 {[%emt 0:00:30]} 35. Ke3 {[%emt 0:02:06]} a6 {[%emt 0:04:53]} 36. Bd2 {[%emt 0:04:54]} Ra7 {[%emt 0:01:48]} 37. Kd3 {[%emt 0:00:41]} f5 {[%emt 0:04:34]} 38. g5 {[%emt 0:03:20]} Ra8 {[%emt 0:03:36]} 39. Be3 {[%emt 0:00:23]} hxg5 {[%emt 0:02:19]} 40. fxg5 {[%emt 0:00:22]} Rh8 {[%emt 0:00:41]} 41. Bf4 {[%emt 0:30:49]} Rh3 {[%emt 0:31:59]} 42. Ke3 {[%emt 0:02:59]} Rc6 {[%emt 0:00:29]} 43. Kd3 {[%emt 0:00:16]} Rh5 {[%emt 0:00:00]} 44. Ra5 {[%emt 0:00:00]} Rh8 {[%emt 0:00:00]} 45. Ra3 {[%emt 0:00:00]} Kh5 {[%emt 0:00:00]} 46. Ra5 {[%emt 0:00:00]} Rhc8 {[%emt 0:00:00]} 47. Ra3 {[%emt 0:00:00]} Kg4 {[%emt 0:00:00]} 48. Kd2 {[%emt 0:00:00]} g6 {[%emt 0:00:00]} 49. Kd3 {[%emt 0:00:00]} Rh8 {[%emt 0:00:00]} 50. Ra5 {[%emt 0:00:00]} Kf3 {[%emt 0:00:00]} 51. Be5 {[%emt 0:00:00]} Rhc8 {[%emt 0:00:00]} 52. Ra3 {[%emt 0:00:00]} Rc4 {[%emt 0:00:00]} 53. Bf4 {[%emt 0:00:00]} Kg4 {[%emt 0:00:00]} 54. Kd2 {[%emt 0:00:00]} R4c6 {[%emt 0:00:00]} 55. Kd3 {[%emt 0:00:00]} a5 {[%emt 0:00:00]} 56. b5 {[%emt 0:00:00]} Rb6 {[%emt 0:00:00]} 57. Rxa5 {[%emt 0:00:00]} Rc4 {[%emt 0:00:06]} 58. Kd2 {[%emt 0:00:00]} Rb7 {[%emt 0:00:30]} 59. Kd3 {[%emt 0:00:00]} Rc8 {[%emt 0:00:27]} 60. Kd2 {[%emt 0:00:00]} Rh8 {[%emt 0:00:31]} 61. Kd3 {[%emt 0:00:00]} Rh1 {[%emt 0:00:22]} 62. Ra6 {[%emt 0:00:00]} Rxb5 {[%emt 0:01:46]} 63. Rxe6 {[%emt 0:00:00]} Rb2 {[%emt 0:00:39]} 64. Rd6 {[%emt 0:00:00]} Rd1+ {[%emt 0:01:00]} 65. Ke3 {[%emt 0:00:00]} Rc2 {[%emt 0:01:34]} 66. Rxd5 {[%emt 0:00:00]} Rxc3+ {[%emt 0:00:08]} 67. Ke2 {[%emt 0:00:00]} Ra1 {[%emt 0:00:29]} 68. Kd2 {[%emt 0:10:15]} Rf3 {[%emt 0:00:16]} 69. Rb5 {[%emt 0:00:57]} Ra2+ {[%emt 0:00:50]} 70. Ke1 {[%emt 0:00:05]} Rd3 {[%emt 0:00:52]} 71. Re5 {[%emt 0:05:23]} Rxd4 {[%emt 0:00:40]} 72. Re6 {[%emt 0:00:14]} Re4+ {[%emt 0:00:19]} 0-1

[Event "SVK-ch Open 2018"]
[Site "Banska Stiavnica"]
[Date "2018.07.10"]
[Round "4"]
[White "Jencopala, Alexander"]
[Black "Balogh, Peter"]
[Result "0-1"]
[WhiteElo "1943"]
[BlackElo "2097"]
[Annotator "NA"]
[PlyCount "58"]
[EventDate "2018.07.07"]
[EventType "swiss"]
[EventCountry "SVK"]
[SourceTitle "playchess.com"]
[Source "ChessBase"]
[SourceQuality "1"]
[TimeControl "40/5400+30:1800+30"]

1. e4 {[%emt 0:00:00]} g6 {[%emt 0:02:56]} 2. d4 {[%emt 0:00:20]} Bg7 {[%emt 0:00:06]} 3. Nc3 {[%emt 0:01:03]} d6 {[%emt 0:00:08]} 4. Nf3 {[%emt 0:01:00]} a6 {[%emt 0:00:18]} 5. a4 {[%emt 0:00:52]} Bg4 {[%emt 0:01:05]} 6. Be2 {[%emt 0:01:59]} Nc6 {[%emt 0:01:38]} 7. Be3 {[%emt 0:01:24]} e5 {[%emt 0:03:48]} 8. d5 {[%emt 0:05:24]} Nce7 {[%emt 0:01:27]} 9. Nd2 {[%emt 0:03:03]} Bd7 {[%emt 0:01:47]} 10. O-O {[%emt 0:02:16]} f5 {[%emt 0:00:30]} 11. f3 {[%emt 0:01:37]} Nf6 {[%emt 0:00:27]} 12. b4 {[%emt 0:06:15]} f4 {[%emt 0:00:06]} 13. Bf2 {[%emt 0:00:37]} g5 {[%emt 0:00:06]} 14. b5 {[%emt 0:02:02]} h5 {[%emt 0:00:28]} 15. b6 {[%emt 0:04:15]} g4 {[%emt 0:02:08]} 16. Nc4 {[%emt 0:04:02]} Nc8 {[%emt 0:00:48]} 17. Rb1 {[%emt 0:05:35]} Nxb6 {[%emt 0:07:05]} 18. Bxb6 {[%emt 0:12:50]} cxb6 {[%emt 0:00:05]} 19. Nxd6+ {[%emt 0:00:34]} Kf8 {[%emt 0:01:05]} 20. Nc4 {[%emt 0:01:31]} Rc8 {[%emt 0:02:15]} 21. Nxe5 {[%emt 0:17:48]} Rxc3 {[%emt 0:06:14]} 22. Ng6+ {[%emt 0:01:39]} Kg8 {[%emt 0:00:58]} 23. Nxh8 {[%emt 0:00:32]} Kxh8 {[%emt 0:19:27]} 24. Bd3 {[%emt 0:12:16]} g3 {[%emt 0:05:01]} 25. Qd2 {[%emt 0:03:18]} Nxd5 {[%emt 0:02:48]} 26. Bxa6 {[%emt 0:02:05]} Ne3 {[%emt 0:07:00]} 27. Bb5 {[%emt 0:02:10]} Rxc2 {[%emt 0:02:00]} 28. Qxd7 {[%emt 0:01:10]} Rxg2+ {[%emt 0:00:15]} 29. Kh1 {[%emt 0:00:15]} Rxh2+ {[%emt 0:00:08]} 0-1

[Event "SVK-ch Open 2018"]
[Site "Banska Stiavnica"]
[Date "2018.07.10"]
[Round "4"]
[White "Tomanek, Rafael"]
[Black "Kostolansky, Sebastian Lukas"]
[Result "0-1"]
[WhiteElo "1939"]
[BlackElo "2197"]
[Annotator "NA"]
[PlyCount "78"]
[EventDate "2018.07.07"]
[EventType "swiss"]
[EventCountry "SVK"]
[SourceTitle "playchess.com"]
[Source "ChessBase"]
[SourceQuality "1"]
[TimeControl "40/5400+30:1800+30"]

1. d4 {[%emt 0:00:00]} Nf6 {[%emt 0:00:00]} 2. Nf3 {[%emt 0:00:00]} g6 {[%emt 0:00:00]} 3. c4 {[%emt 0:00:00]} Bg7 {[%emt 0:00:04]} 4. Nc3 {[%emt 0:00:00]} O-O {[%emt 0:00:14]} 5. e4 {[%emt 0:00:09]} d6 {[%emt 0:00:12]} 6. h3 {[%emt 0:00:26]} c5 {[%emt 0:08:33]} 7. d5 {[%emt 0:01:31]} e5 {[%emt 0:02:03]} 8. Be3 {[%emt 0:02:19]} Na6 {[%emt 0:01:18]} 9. g4 {[%emt 0:05:10]} Nc7 {[%emt 0:04:02]} 10. Bd3 {[%emt 0:03:08]} Bd7 {[%emt 0:05:11]} 11. a4 {[%emt 0:04:25]} Na6 {[%emt 0:16:10]} 12. Qd2 {[%emt 0:04:59]} Nb4 {[%emt 0:02:32]} 13. Ke2 {[%emt 0:03:06]} a6 {[%emt 0:08:11]} 14. Ne1 {[%emt 0:05:23]} b5 {[%emt 0:10:56]} 15. axb5 {[%emt 0:10:53]} axb5 {[%emt 0:00:17]} 16. Nc2 {[%emt 0:03:32]} Nxd3 {[%emt 0:15:52]} 17. Qxd3 {[%emt 0:02:04]} b4 {[%emt 0:02:56]} 18. Rxa8 {[%emt 0:04:34]} Qxa8 {[%emt 0:00:05]} 19. Ra1 {[%emt 0:00:09]} Qb7 {[%emt 0:02:57]} 20. Nd1 {[%emt 0:02:09]} Ra8 {[%emt 0:02:28]} 21. f3 {[%emt 0:04:06]} Rxa1 {[%emt 0:01:26]} 22. Nxa1 {[%emt 0:00:04]} Qa6 {[%emt 0:00:07]} 23. Nb3 {[%emt 0:04:50]} Ne8 {[%emt 0:00:34]} 24. Nd2 {[%emt 0:04:07]} f5 {[%emt 0:02:28]} 25. Bg5 {[%emt 0:05:37]} Qc8 {[%emt 0:04:05]} 26. Ne3 {[%emt 0:06:18]} h6 {[%emt 0:02:27]} 27. Bh4 {[%emt 0:00:41]} fxg4 {[%emt 0:01:08]} 28. hxg4 {[%emt 0:00:47]} Bf6 {[%emt 0:00:07]} 29. Ng2 {[%emt 0:01:24]} Bxh4 {[%emt 0:04:14]} 30. Nxh4 {[%emt 0:00:03]} Qd8 {[%emt 0:00:10]} 31. Ng2 {[%emt 0:01:30]} h5 {[%emt 0:00:09]} 32. gxh5 {[%emt 0:01:01]} Qg5 {[%emt 0:00:25]} 33. Ne3 {[%emt 0:02:19]} Nf6 {[%emt 0:04:01]} 34. Ndf1 {[%emt 0:06:54]} Nxh5 {[%emt 0:00:43]} 35. Qb1 {[%emt 0:00:16]} Nf4+ {[%emt 0:00:24]} 36. Kd2 {[%emt 0:00:15]} Qh4 {[%emt 0:00:48]} 37. Kc2 {[%emt 0:02:29]} Qf2+ {[%emt 0:00:35]} 38. Kb3 {[%emt 0:00:06]} Ne2 {[%emt 0:00:31]} 39. Ka2 {[%emt 0:01:07]} Nc3+ {[%emt 0:00:05]} 0-1

[Event "SVK-ch Open 2018"]
[Site "Banska Stiavnica"]
[Date "2018.07.10"]
[Round "4"]
[White "Budinsky, Jozef"]
[Black "Hrbek, Stepan"]
[Result "0-1"]
[WhiteElo "1931"]
[BlackElo "2129"]
[Annotator "NA"]
[PlyCount "111"]
[EventDate "2018.07.07"]
[EventType "swiss"]
[EventCountry "SVK"]
[SourceTitle "playchess.com"]
[Source "ChessBase"]
[SourceQuality "1"]
[TimeControl "40/5400+30:1800+30"]

1. e4 {[%emt 0:00:00]} c5 {[%emt 0:00:00]} 2. Nc3 {[%emt 0:00:00]} Nc6 {[%emt 0:00:00]} 3. g3 {[%emt 0:00:27]} g6 {[%emt 0:01:34]} 4. Bg2 {[%emt 0:00:21]} Bg7 {[%emt 0:00:12]} 5. Nge2 {[%emt 0:00:07]} e5 {[%emt 0:05:01]} 6. d3 {[%emt 0:00:39]} Nge7 {[%emt 0:00:04]} 7. Be3 {[%emt 0:00:35]} d6 {[%emt 0:00:07]} 8. Qd2 {[%emt 0:00:15]} Nd4 {[%emt 0:03:06]} 9. O-O {[%emt 0:01:03]} O-O {[%emt 0:07:47]} 10. a4 {[%emt 0:12:23]} Be6 {[%emt 0:07:07]} 11. f4 {[%emt 0:07:15]} f5 {[%emt 0:01:20]} 12. Nd5 {[%emt 0:04:25]} Nxd5 {[%emt 0:11:24]} 13. exd5 {[%emt 0:00:04]} Nxe2+ {[%emt 0:00:11]} 14. Qxe2 {[%emt 0:00:36]} Bd7 {[%emt 0:00:27]} 15. c3 {[%emt 0:00:53]} Qe7 {[%emt 0:07:32]} 16. Qd2 {[%emt 0:05:15]} Rae8 {[%emt 0:04:58]} 17. Rfe1 {[%emt 0:01:04]} Qf7 {[%emt 0:10:43]} 18. fxe5 {[%emt 0:12:45]} Bxe5 {[%emt 0:01:40]} 19. Bh6 {[%emt 0:01:29]} Bg7 {[%emt 0:02:14]} 20. Bxg7 {[%emt 0:10:25]} Qxg7 {[%emt 0:00:32]} 21. a5 {[%emt 0:21:50]} Qf6 {[%emt 0:20:12]} 22. h4 {[%emt 0:05:10]} Qd8 {[%emt 0:05:27]} 23. Qf4 {[%emt 0:05:21]} Qf6 {[%emt 0:00:52]} 24. Qd2 {[%emt 0:03:40]} Kg7 {[%emt 0:02:30]} 25. Rxe8 {[%emt 0:00:18]} Rxe8 {[%emt 0:00:44]} 26. Rf1 {[%emt 0:00:37]} Qe5 {[%emt 0:02:58]} 27. Qf4 {[%emt 0:01:20]} Qe3+ {[%emt 0:02:27]} 28. Qxe3 {[%emt 0:00:29]} Rxe3 {[%emt 0:00:04]} 29. Rf3 {[%emt 0:00:11]} Rxf3 {[%emt 0:00:27]} 30. Bxf3 {[%emt 0:00:01]} Kf6 {[%emt 0:00:25]} 31. d4 {[%emt 0:00:13]} cxd4 {[%emt 0:00:03]} 32. cxd4 {[%emt 0:00:01]} g5 {[%emt 0:01:15]} 33. Kf2 {[%emt 0:03:15]} Bb5 {[%emt 0:02:34]} 34. Ke3 {[%emt 0:00:29]} Bc4 {[%emt 0:00:14]} 35. Bg2 {[%emt 0:01:30]} h6 {[%emt 0:00:19]} 36. Bf3 {[%emt 0:00:22]} Kg6 {[%emt 0:00:34]} 37. b4 {[%emt 0:01:18]} Kf6 {[%emt 0:00:45]} 38. Bg2 {[%emt 0:00:42]} Kg6 {[%emt 0:00:04]} 39. Bf3 {[%emt 0:00:21]} Ba2 {[%emt 0:00:43]} 40. Kf2 {[%emt 0:02:13]} Bb1 {[%emt 0:00:45]} 41. Ke3 {[%emt 0:06:06]} Kf6 {[%emt 0:07:27]} 42. Bg2 {[%emt 0:04:02]} Ba2 {[%emt 0:17:38]} 43. Bf3 {[%emt 0:01:07]} Bb1 {[%emt 0:00:06]} 44. Bg2 {[%emt 0:00:12]} Kg6 {[%emt 0:00:20]} 45. Bf3 {[%emt 0:00:17]} a6 {[%emt 0:00:07]} 46. Kf2 {[%emt 0:10:31]} gxh4 {[%emt 0:01:58]} 47. gxh4 {[%emt 0:00:02]} Be4 {[%emt 0:00:13]} 48. Kg3 {[%emt 0:06:52]} f4+ {[%emt 0:04:46]} 49. Kxf4 {[%emt 0:02:26]} Bxf3 {[%emt 0:00:03]} 50. Kxf3 {[%emt 0:00:17]} Kf5 {[%emt 0:00:05]} 51. h5 {[%emt 0:02:42]} Kg5 {[%emt 0:00:24]} 52. Ke4 {[%emt 0:00:01]} Kg4 {[%emt 0:00:05]} 53. Ke3 {[%emt 0:01:27]} Kxh5 {[%emt 0:00:04]} 54. Kf4 {[%emt 0:00:40]} Kg6 {[%emt 0:00:07]} 55. Kg4 {[%emt 0:00:40]} Kf6 {[%emt 0:00:21]} 56. Kf4 {[%emt 0:01:16] Ke5+} 0-1

[Event "SVK-ch Open 2018"]
[Site "Banska Stiavnica"]
[Date "2018.07.10"]
[Round "4"]
[White "Huncar, Martin"]
[Black "Bojda, Lubomir"]
[Result "0-1"]
[WhiteElo "1840"]
[BlackElo "2064"]
[Annotator "NA"]
[PlyCount "140"]
[EventDate "2018.07.07"]
[EventType "swiss"]
[EventCountry "SVK"]
[SourceTitle "playchess.com"]
[Source "ChessBase"]
[SourceQuality "1"]
[TimeControl "40/5400+30:1800+30"]

1. e4 {[%emt 0:00:00]} c6 {[%emt 0:00:00]} 2. Nc3 {[%emt 0:00:05]} d5 {[%emt 0:00:09]} 3. Nf3 {[%emt 0:00:12]} Bg4 {[%emt 0:02:15]} 4. h3 {[%emt 0:01:00]} Bxf3 {[%emt 0:00:56]} 5. Qxf3 {[%emt 0:00:07]} e6 {[%emt 0:00:02]} 6. exd5 {[%emt 0:04:38]} cxd5 {[%emt 0:00:42]} 7. Bb5+ {[%emt 0:07:13]} Nc6 {[%emt 0:01:17]} 8. b3 {[%emt 0:02:39]} Nf6 {[%emt 0:02:16]} 9. Bb2 {[%emt 0:00:51]} Bd6 {[%emt 0:00:20]} 10. O-O {[%emt 0:02:27]} O-O {[%emt 0:00:16]} 11. Bxc6 {[%emt 0:00:26]} bxc6 {[%emt 0:00:06]} 12. Ne2 {[%emt 0:05:25]} Nd7 {[%emt 0:03:33]} 13. Ng3 {[%emt 0:26:00]} Qg5 {[%emt 0:08:24]} 14. d3 {[%emt 0:05:21]} Ne5 {[%emt 0:03:12]} 15. Qh5 {[%emt 0:07:08]} Qxh5 {[%emt 0:10:38]} 16. Nxh5 {[%emt 0:00:03]} f6 {[%emt 0:00:47]} 17. g4 {[%emt 0:06:06]} Nf3+ {[%emt 0:06:47]} 18. Kg2 {[%emt 0:00:28]} Nh4+ {[%emt 0:00:07]} 19. Kg1 {[%emt 0:02:29]} e5 {[%emt 0:00:29]} 20. Kh1 {[%emt 0:05:13]} Rae8 {[%emt 0:01:19]} 21. Rae1 {[%emt 0:00:18]} Bc5 {[%emt 0:03:09]} 22. Re2 {[%emt 0:02:37]} g6 {[%emt 0:02:32]} 23. Ng3 {[%emt 0:00:53]} Bd6 {[%emt 0:12:14]} 24. Rfe1 {[%emt 0:01:32]} Nf3 {[%emt 0:00:24]} 25. Rf1 {[%emt 0:00:37]} Ng5 {[%emt 0:00:14]} 26. Kg2 {[%emt 0:00:37]} Ne6 {[%emt 0:00:04]} 27. Kh2 {[%emt 0:04:33]} Nf4 {[%emt 0:01:31]} 28. Ree1 {[%emt 0:00:35]} Bb4 {[%emt 0:00:33]} 29. Rd1 {[%emt 0:03:49]} Rf7 {[%emt 0:00:43]} 30. c4 {[%emt 0:00:39]} Rd7 {[%emt 0:03:52]} 31. a3 {[%emt 0:02:57]} Ba5 {[%emt 0:02:36]} 32. b4 {[%emt 0:00:01]} Bc7 {[%emt 0:00:18]} 33. c5 {[%emt 0:00:33]} Rb8 {[%emt 0:01:45]} 34. Bc3 {[%emt 0:02:39]} Kf7 {[%emt 0:00:26]} 35. f3 {[%emt 0:00:22]} Ke6 {[%emt 0:06:01]} 36. Rfe1 {[%emt 0:02:47]} d4 37. Bb2 {[%emt 0:01:32]} a5 {[%emt 0:04:01]} 38. Bc1 {[%emt 0:00:05]} Nd5 {[%emt 0:00:10]} 39. bxa5 {[%emt 0:03:11]} Bxa5 {[%emt 0:00:05]} 40. Rf1 {[%emt 0:01:19]} Ne3 {[%emt 0:05:37]} 41. Rfe1 {[%emt 0:13:53]} Nxd1 {[%emt 0:02:37]} 42. Rxd1 {[%emt 0:00:03]} Rb1 {[%emt 0:00:42]} 43. Rf1 {[%emt 0:03:59]} Rdb7 {[%emt 0:01:09]} 44. f4 {[%emt 0:01:34]} exf4 {[%emt 0:02:14]} 45. Bxf4 {[%emt 0:00:33]} R7b2+ {[%emt 0:01:52]} 46. Kg1 {[%emt 0:00:37]} Rxf1+ {[%emt 0:01:10]} 47. Kxf1 {[%emt 0:00:48]} f5 {[%emt 0:01:41]} 48. gxf5+ {[%emt 0:01:37]} gxf5 {[%emt 0:00:05]} 49. Ne2 {[%emt 0:02:22]} Bc3 {[%emt 0:01:16]} 50. Bd6 {[%emt 0:02:14]} Kd7 {[%emt 0:00:35]} 51. Nf4 {[%emt 0:01:11]} Bd2 {[%emt 0:00:39]} 52. Ne2 {[%emt 0:01:31]} Be3 {[%emt 0:01:00]} 53. Be5 {[%emt 0:00:22]} Ke6 {[%emt 0:01:07]} 54. Bxd4 {[%emt 0:00:32]} Rxe2 {[%emt 0:00:15]} 55. Kxe2 {[%emt 0:00:42]} Bxd4 {[%emt 0:00:05]} 56. a4 {[%emt 0:00:51]} Bxc5 {[%emt 0:00:09]} 57. Kf3 {[%emt 0:00:10]} Ke5 {[%emt 0:00:07]} 58. a5 {[%emt 0:00:30]} Ba7 {[%emt 0:00:51]} 59. a6 {[%emt 0:00:53]} Kd4 {[%emt 0:00:50]} 60. Kf4 {[%emt 0:01:01]} Kxd3 {[%emt 0:00:16]} 61. Kxf5 {[%emt 0:00:08]} c5 {[%emt 0:00:32]} 62. Kg5 {[%emt 0:00:29]} c4 {[%emt 0:00:17]} 63. Kh6 {[%emt 0:00:03]} c3 {[%emt 0:00:11]} 64. Kxh7 {[%emt 0:00:03]} c2 {[%emt 0:00:10]} 65. h4 {[%emt 0:00:04]} c1=Q {[%emt 0:00:14]} 66. h5 {[%emt 0:00:01]} Qa3 {[%emt 0:00:27]} 67. h6 {[%emt 0:00:14]} Qxa6 {[%emt 0:00:18]} 68. Kh8 {[%emt 0:00:18]} Qxh6+ {[%emt 0:00:11]} 69. Kg8 {[%emt 0:00:05]} Qg6+ {[%emt 0:00:44]} 70. Kf8 {[%emt 0:00:10]} Bc5# {[%emt 0:00:08]} 0-1

[Event "SVK-ch Open 2018"]
[Site "Banska Stiavnica"]
[Date "2018.07.10"]
[Round "4"]
[White "Gonda, Jozef"]
[Black "Bartek, Ladislav"]
[Result "0-1"]
[WhiteElo "1832"]
[BlackElo "2049"]
[Annotator "NA"]
[PlyCount "64"]
[EventDate "2018.07.07"]
[EventType "swiss"]
[EventCountry "SVK"]
[SourceTitle "playchess.com"]
[Source "ChessBase"]
[SourceQuality "1"]
[TimeControl "40/5400+30:1800+30"]

1. d4 Nf6 {[%emt 0:00:00]} 2. Bg5 {[%emt 0:00:00]} Ne4 {[%emt 0:00:00]} 3. Bf4 {[%emt 0:00:39]} c5 {[%emt 0:00:00]} 4. dxc5 {[%emt 0:04:46]} Qa5+ {[%emt 0:01:39]} 5. c3 {[%emt 0:01:07]} Qxc5 {[%emt 0:00:26]} 6. Be3 {[%emt 0:02:54]} Qb5 {[%emt 0:02:28]} 7. Qc2 {[%emt 0:03:15]} d5 {[%emt 0:00:32]} 8. Nf3 {[%emt 0:02:48]} Nc6 {[%emt 0:01:53]} 9. Nbd2 e5 {[%emt 0:06:31]} 10. a4 {[%emt 0:20:56]} Qa6 {[%emt 0:01:13]} 11. Nxe4 {[%emt 0:00:35]} dxe4 {[%emt 0:00:56]} 12. Qxe4 {[%emt 0:02:26]} Be6 {[%emt 0:05:51]} 13. Ng5 {[%emt 0:21:06]} Bb3 {[%emt 0:00:55]} 14. f4 {[%emt 0:01:58]} f6 {[%emt 0:05:03]} 15. Nf3 {[%emt 0:02:56]} O-O-O {[%emt 0:00:43]} 16. fxe5 {[%emt 0:01:00]} Nxe5 {[%emt 0:02:04]} 17. Nxe5 {[%emt 0:06:02]} fxe5 {[%emt 0:02:43]} 18. Bg5 {[%emt 0:13:51]} Rd7 {[%emt 0:00:27]} 19. Qxe5 {[%emt 0:04:17]} Qg6 {[%emt 0:02:38]} 20. Bf4 {[%emt 0:03:42]} Bd6 {[%emt 0:00:21]} 21. Qe3 {[%emt 0:01:57]} Rf8 {[%emt 0:04:52]} 22. g3 {[%emt 0:00:31]} Re8 {[%emt 0:03:17]} 23. Qxa7 {[%emt 0:01:39]} Bxf4 {[%emt 0:01:03]} 24. gxf4 {[%emt 0:00:02]} Qd6 {[%emt 0:03:24]} 25. Qa8+ {[%emt 0:01:34]} Kc7 {[%emt 0:00:29]} 26. Qxe8 {[%emt 0:00:49]} Qd2+ {[%emt 0:00:44]} 27. Kf2 {[%emt 0:00:19]} Qxf4+ {[%emt 0:00:17]} 28. Kg1 {[%emt 0:00:29]} Qg5+ {[%emt 0:00:29]} 29. Bg2 {[%emt 0:00:08]} Bd5 {[%emt 0:00:52]} 30. Qxd7+ {[%emt 0:02:09]} Kxd7 {[%emt 0:00:09]} 31. e4 {[%emt 0:00:09]} Qe3+ {[%emt 0:00:17]} 32. Kf1 {[%emt 0:00:56]} Bc4# {[%emt 0:00:07]} 0-1